| 000 | 00920cam a2200253 a 4500 | ||
|---|---|---|---|
| 001 | 1494727 | ||
| 003 | BD-DhUL | ||
| 005 | 20161215140614.0 | ||
| 008 | 881109s1989 nyu b 000 0 eng | ||
| 010 | _a 88038984 | ||
| 020 | _a0824061314 (alk. paper) | ||
| 040 |
_aDLC _cDLC _dDLC _dBD-DhUL |
||
| 050 | 0 | 0 |
_aHF5631 _b.A26 1989 |
| 082 | 0 | 0 |
_a657 _bSHA |
| 245 | 0 | 0 |
_aAccounting literature in the United States before Mitchell and Jones (1796) : _bcontributions by four English authors, through American editions, and two pioneer local authors / _cedited with an introduction by Terry K. Sheldahl. |
| 260 |
_aNew York : _bGarland, _c1989. |
||
| 300 |
_axii, 510 p. ; _c27 cm. |
||
| 440 | 0 | _aFoundations of accounting | |
| 504 | _aBibliography: p. 28-33. | ||
| 650 | 0 |
_aAccounting _xEarly works to 1800. |
|
| 700 | 1 | _aSheldahl, Terry K. | |
| 906 |
_a7 _bcbc _corignew _d1 _eocip _f19 _gy-gencatlg |
||
| 942 |
_2ddc _cBK |
||
| 999 |
_c136075 _d136075 |
||